Statistiques concernant Pays d'Amérique du Sud - Carte Quiz

Cliquez ici pour prendre le quiz!

Statistiques générales

  • Ce quiz a été pris 46 420 fois
  • Le résultat moyen est 11 sur 14

Réponses sur la Carte

Les réponses sont colorées sur une échelle allant du rouge au vert en fonction du pourcentage des utilisateurs qui les ont devinées à leur premier essai. Vous pouvez retrouver ces pourcentages ci-dessous.
Chargement ...
 

Statistiques - réponses

Réponse% Correct
Brésil
96%
Chili
92%
Argentine
91%
Îles Malouines (Royaume-Uni)
83%
Pérou
78%
Colombie
75%
Paraguay
74%
Équateur
74%
Venezuela
72%
Guyane française
71%
Bolivie
69%
Uruguay
68%
Suriname
55%
Guyana
54%

Distribution des résultats

Percentile par nombre de réponses

% des personnes avec chaque résultat

Votre développement - résultats

Vous n’avez pas pris ce quiz